000 01277cam a2200385 i 4500
001 114410
005 20230411085923.0
008 790815s1978 mx b 001 0 spa
035 _9(DLC) 79108438
035 _a395394
010 _a79108438
020 _z968160052
040 _aDLC
_cDLC
_dDLC
041 1 _aspa
043 _an------
_as------
_ae-sp---
050 1 4 _aE123
_b.G363 1978
082 0 0 _a970.01/6
100 1 _aGerbi, Antonello,
_d1904-
240 1 0 _aNatura delle Indie nove.
_lSpanish
245 1 3 _aLa naturaleza de las Indias Nuevas :
_bde Cristóbal Colón a Gonzalo Fernández de Oviedo /
_cAntonello Gerbi ; [traducción de Antonio Alatorre].
250 _a1. ed. en español.
260 _aMéxico :
_bFondo de Cultura Económica,
_c1978.
300 _a562 p. ;
_c24 cm.
500 _aTranslation of La natura delle Indie nove.
504 _aBibliográfia: p. 501-523.
500 _aIncludes index.
534 _pTítulo original :
_tLa natura delle Indie nove
651 0 _aAmerica
_xDiscovery and exploration
_xSpanish.
650 4 _aCRV
650 4 _aColección René Villarreal
650 0 _aNatural history
_zAmerica
_xPre-Linnean works.
651 0 _aAmerica
_xEarly accounts to 1600.
942 _2lcc
_cbk
946 _almd
999 _c109342
_d109342